00345nam a2200121Ia 4500008004000000082001600040100003300056245004200089260003500131300001600166440000600182650003500188210210b1967 xxu||||| |||| 00| 0 eng d a539.02 ROGW aROGERS (P) & STEPHENS (G A). aWorked examples in modern physics.V2. aLondonbIliffe books ltdc1967 axvi,127-227 a2 aSolved Problems Modern Physics